000 00615nam a22002057a 4500
003 NUST
005 20230224095703.0
008 190720b ||||| |||| 00| 0 eng d
015 _qHard Cover.
038 _aMr. Zahoor.
082 _a658
100 _aMasood, Asra.
_918198
245 _aIMPACT OF DIGITAL CONTENT MARKETING ON BRAND PERFORMANCE
_cAsra Masoor.
260 _aIslamabad :
_bNBS - NUST,
_c2017.
300 _aiv, 36 p. : ill. ;
_c30cm.
650 _aMBA Thesis
_917629
700 _aMs Fatima Zaheer.
_918199
856 _uhttp://10.250.8.41:8080/xmlui/handle/123456789/2660
942 _2ddc
_cTHE
999 _c527100
_d527100